000 00515nam a2200145 a 4500
008 120416s1967 ||||||||||||||||| || u
050 _aTS 155 Cou
100 _aCoutie, G. A
245 1 0 _aShort-term forecasting
246 _aG.A. Coutie and others
260 _aEdinburgh
_bOliver and Boyd
_c1967
300 _aviii, 36p. : ill.
350 _a0.00
995 _D0.00
_FCBU-MAIN LIBRARY (Kitwe)
_H1
_I0.00
_UWEEDED
_VAug 31, 2017
_ZMain Library Open Access Collection
999 _c57432
_d57432